Using Information Technology 6/e Complete Edition /

Book Description

Saved in:
Bibliographic Details
Main Author: C.Sawyer Stacey
Other Authors: K.Williams Brian
Format: Book
Language:Vietnamese
Published: American : McGraw -Hill , 2004
Subjects:
Tags: Add Tag
No Tags, Be the first to tag this record!
Institutions: Thư viện Trường CĐ Kỹ Thuật Cao Thắng
LEADER 01588nam a2200277 a 4500
001 TVCDKTCT8604
003 Thư viện trường Cao đẳng Kỹ thuật Cao Thắng
005 20080229000000
008 080229
980 \ \ |a Thư viện Trường CĐ Kỹ Thuật Cao Thắng 
024 |a RG_1 #1 eb0 i1 
020 # # |a 007288293X 
041 0 # |a vie 
082 # # |a 004 /   |b BR300A-u 
100 1 # |a C.Sawyer Stacey 
245 0 0 |a Using Information Technology 6/e Complete Edition /  |c C.Sawyer Stacey, K.Williams Brian 
260 # # |a American :  |b McGraw -Hill ,  |c 2004 
300 # # |a 560tr. 
520 # # |a Book Description 
520 # # |a Using Information Technology, 6/e covers the fundamental computing concepts that are part of the digital age, including software, hardware, data, people, and procedures along with expanded coverage on Security and ethics. The text centers on educating today's technology consumer, using themes of ethics, the Internet, and communications to demonstrate how the changing world of technology influences our lives and the decisions we make.  
520 # # |a About the Author 
520 # # |a Stacey Sawyer has been a co-author on editions 2 through 5 of this successful product, as well co-authoring Using Information Technology. Sarah Hutchinson has been a co-author on all editions of this product as well as the Advantage Series. Both authors are well-recognized names with a history of success in the CIT market. 
650 # 4 |a Computer 
650 # 4 |a Telecommunication systems 
650 # 4 |a Information Technology-Management 
700 0 # |a K.Williams Brian